000 00221nam a22000977a 4500
082 _a355.4
_bTHU
_cD
245 _aGAS in the Next War
526 _a0
_b0
_c0
_d355_400000000000000_THU
650 _aMCE
_9379
942 _2ddc
_cBK
999 _c552288
_d552288